01991nam a2200409Ia 4500001001200000003000800012006001900020007001500039008004100054020001500095020001800110040002100128035002100149050002700170245012800197246007000325260005800395300003000453504005400483533015200537610006900689610009100758650006300849650005200912650005300964650005701017650006401074650005501138650004801193655002901241700002401270700003001294710009501324710001701419856012601436999001901562ebr10405117CaPaEBRm u cr cn|||||||||100329s2010 dcuab sb 000 0 eng d z0309151236 z9780309151238 aCaPaEBRcCaPaEBR a(OCoLC)66509534414aQC869.4.U6bN63 2010eb00aNOAA's education programh[electronic resource] :breview and critique /cJohn W. Farrington and Michael A. Feder, editors.3 aNational Oceanic and Atmospheric Administration education program aWashington, D.C. :bNational Academies Press,cc2010. axiv, 184 p. :bill., map. aIncludes bibliographical references (p. 151-159). aElectronic reproduction.bPalo Alto, Calif. :cebrary,d2010.nAvailable via World Wide Web.nAccess may be limited to ebrary affiliated libraries.10aUnited States.bNational Oceanic and Atmospheric Administration.10aUnited States.bNational Oceanic and Atmospheric Administration.bOffice of Education. 0aEnvironmental sciencesxStudy and teachingzUnited States. 0aMeteorologyxStudy and teachingzUnited States. 0aOceanographyxStudy and teachingzUnited States. 0aMarine resourcesxStudy and teachingzUnited States. 0aCoastal zone managementxStudy and teachingzUnited States. 0aEarth sciencesxStudy and teachingzUnited States. 0aGovernment aid to educationzUnited States. 7aElectronic books.2local1 aFarrington, John W.1 aFeder, Michael A.,d1977-2 aNational Research Council (U.S.).bCommittee for the Review of the NOAA Education Program.2 aebrary, Inc.40uhttp://site.ebrary.com/lib/rucke/Doc?id=10405117zAn electronic book accessible through the World Wide Web; click to view c185103d185103